| 000 | 00874nam a2200241Ia 4500 | ||
|---|---|---|---|
| 003 | OSt | ||
| 005 | 20220923225410.0 | ||
| 006 | a|||||r|||| 00| 0 | ||
| 007 | ta | ||
| 008 | 220922b |||||||| |||| 00| 0 mar d | ||
| 024 | _a265,997 | ||
| 037 | _cTextual | ||
| 040 |
_aARTS _cARTS _bmar |
||
| 041 |
_2mar _amar |
||
| 082 | _aR, 155P7 | ||
| 100 |
_aकुंभोजकर, प्रा0 ग0 वि0 _9168622 |
||
| 245 | 0 | _aवैज्ञानिक तत्वज्ञानाचा उदय | |
| 246 | _aVaijnyānik tatvajnyānāchā udaya | ||
| 260 |
_aमुंबई _b महाराष्ट्र राज्य साहित्य आणि संस्कृती मंडळ _c2007 |
||
| 300 |
_a247पृ.0 _ccm. |
||
| 942 |
_hR, 155P7 _cTEXL _2CC |
||
| 999 |
_c377974 _d377974 |
||